000 00778cam a2200205 4500
001 WB3621-05
008 000000n2000 000 0 eng u
035 _a(Sirsi) u106212
245 _aPowering a green community
260 _c2000
490 _aFinancial Times
_v 1June 2000, 17(1)
520 _aA Peabody Trust development will become the UK's largest solar powered estate. It will also be a mixed use development with low rent units, leasehold property for sale and rent at market rates with space for light industry, an ecology centre, creche and community facilities.
590 _aWB
650 _aHOUSING DEVELOPMENT
650 _aPEABODY TRUST
650 _aSOLAR POWER
650 _aRENEWABLE ENERGY SYSTEMS
690 _aHOUSING-DEVELOPMENT
942 _n0
999 _c63624
_d63624